Distributed Operating system (Record no. 5029)

MARC details
000 -LEADER
fixed length control field 00419nam a22001697a 4500
005 - DATE AND TIME OF LATEST TRANSACTION
control field 20181229132742.0
008 - FIXED-LENGTH DATA ELEMENTS--GENERAL INFORMATION
fixed length control field 160701b xxu||||| |||| 00| 0 eng d
020 ## - INTERNATIONAL STANDARD BOOK NUMBER
ISBN 978-81-775-8175-9
041 ## - LANGUAGE CODE
Language code of text/sound track or separate title eng
082 ## - DEWEY DECIMAL CLASSIFICATION NUMBER
Item number 20255
Classification number 005.4476
100 ## - MAIN ENTRY--AUTHOR NAME
Personal name Tanenbaum Andrews
245 ## - TITLE STATEMENT
Title Distributed Operating system
260 ## - PUBLICATION, DISTRIBUTION, ETC. (IMPRINT)
Name of publisher Pearson
Year of publication 1995
300 ## - PHYSICAL DESCRIPTION
Number of Pages 594
650 ## - SUBJECT ADDED ENTRY--TOPICAL TERM
Topical Term Information Technology
942 ## - ADDED ENTRY ELEMENTS (KOHA)
Koha item type Books
Holdings
Lost status Damaged status Collection code Home library Current library Shelving location Date acquired Cost, normal purchase price Full call number Accession Number Koha item type
    CS/IT JRU Library JRU Library SHELF-51-E 01/07/2016 815.00 005.447 6 20255 Books
    CS/IT JRU Library JRU Library SHELF-51-E 01/07/2016 815.00 005.447 6 20256 Books
    CS/IT JRU Library JRU Library SHELF-51-E 01/07/2016 815.00 005.447 6 20257 Books
      JRU Library   SHELF-4-F 01/07/2016 815.00 20255 20258 Books
    CS/IT JRU Library JRU Library SHELF-51-E 01/07/2016 815.00 005.447 6 20259 Books